Quatre históries d´animals / (Registro nro. 9746)
[ vista simple ]
| 000 -LIDER | |
|---|---|
| fixed length control field | 00760nam a2200253 a 4500 |
| 003 - IDENTIFICACDOR DE NÚMERO DE CONTROL | |
| control field | DO-SdBNP |
| 005 - DATE AND TIME OF LATEST TRANSACTION | |
| control field | 20180215133952.0 |
| 008 - ELEMENTOS DE LONGITUD FIJA | |
| fixed length control field | 150826s1998 sp a 000 0 spa d |
| 020 ## - ISBN | |
| International Standard Book Number | 8476601115 |
| 040 ## - FUENTE DE CATALOGACIÓN | |
| Agencia que crea de manera original el registro | BPMSU |
| Idioma de catalogación | spa |
| Agencia que realiza la transcripción | BPMSU |
| 100 1# - ASIENTO PRINCIPAL -- NOMBRE PERSONAL | |
| Nombre personal | Franco, Josep |
| 245 10 - MENCIÓN DE TITULO | |
| Título | Quatre históries d´animals / |
| Mención de responsabilidad | Josep Franco ; ilustraciones Rocío Miralles |
| 250 ## - MENCIÓN DE EDICION | |
| Mención de edición | 4a. ed. |
| 260 ## - PUBLICACIÓN, DISTRIBUCIÓN, ETC. (PIE DE IMPRENTA) | |
| Lugar de publicación, distribución, etc | Alzira, Valencia, España : |
| Nombre del editor, distribuidor, etc. | Bromera, |
| Fecha de publicación, distribución, etc | 1998. |
| 300 ## - DESCRIPCIÓN FÍSICA | |
| Extensión | 77 p. : |
| Otros detalles físicos | il. ; |
| Dimensiones | 22 cm. |
| 490 0# - MENCIÓN DE SERIES | |
| Mención de serie | El Micalet Galáctic |
| Volume/sequential designation | 15 |
| 521 ## - TARGET AUDIENCE NOTE | |
| Target audience note | A partir de 8 años |
| 700 1# - ASIENTO SECUNDARIO -- NOMBRE PERSONAL | |
| Nombre personal | Miralles, Rocío |
| Mención de responsabilidad | il. |
| 830 #0 - ASIENTO SECUNDARIO DE SERIE--TÍTULO UNIFORME | |
| Título uniforme | El Micalet Galáctic |
| Número de la parte o sección de una obra | 15 |
| 910 ## - VALIDACIÓN | |
| Validación | 00144 |
| 942 ## - ADDED ENTRY ELEMENTS (KOHA) | |
| Source of classification or shelving scheme | Dewey Decimal Classification |
| Koha item type | Libros |
| 945 ## - INFORMACIÓN DE PROCESAMIENTO LOCAL | |
| Información de procesamiento local | Inventariado, 2018/MFF |
| 956 ## - LOCAL ELECTRONIC LOCATION AND ACCESS (OCLC) | |
| Nombre de host | Yngrid Lockward |
| Número de acceso | 10 |
| Método de acceso | YLOCKWARD |
| Campo enlazado y núm. de secuencia | BPMSU |
| Withdrawn status | Lost status | Source of classification or shelving scheme | Damaged status | Not for loan | Collection code | Home library | Current library | Date acquired | Source of acquisition | Total Checkouts | Full call number | Barcode | Date last seen | Koha item type |
|---|---|---|---|---|---|---|---|---|---|---|---|---|---|---|
| Dewey Decimal Classification | Colección Infantil General | Biblioteca Pública Metropolitana Salomé Ureña | Biblioteca Pública Metropolitana Salomé Ureña | 10/25/2017 | Sin sellar | xxx | BPMSU16040397 | 04/13/2016 | Libros |